La vida es sueño /

Guardado en:
Autor Principal: Calderón De La Barca, Pedro
Otros Autores: Serrano Redonnet, Antonio E.
Formato: Libro
Publicado: Buenos Aires : Sopena Argentina, 1969
Series:Biblioteca hispánica Río de La Plata / dirigida por Antonio E. Serrano Redonnet
Materias:
Etiquetas: Agregar Etiqueta
Sin Etiquetas, Sea el primero en etiquetar este registro!
LEADER 00712nam a22002055a 4500
001 CEM.cems001329
005 20061023152805.0
008 130507s1969##################000#0#####d
003 CEMS
082 0 4 |a 862.3 
100 1 |a Calderón De La Barca, Pedro 
245 1 0 |a La vida es sueño /  |c Pedro Calderón de La Barca ; introducción y Notas de Augusto Cortina 
260 |a Buenos Aires :  |b Sopena Argentina,  |c 1969 
300 |a 143 p. 
490 0 |a Biblioteca hispánica Río de La Plata / dirigida por Antonio E. Serrano Redonnet 
653 |a Literatura 
653 |a Literatura española 
653 |a Teatro 
700 1 |a Serrano Redonnet, Antonio E. 
859 |a CEMS  |b BIB. CEMS - 11 de abril  |h 862.3  |i C127-5  |p 4736.76  |t Ej.1